[Event "AUS-ch Minor"]
[Site "Cammeray"]
[Date "2010.01.13"]
[Round "11"]
[White "Lees, Dominic"]
[Black "Gordon, Roger"]
[Result "1/2-1/2"]
[WhiteElo "818"]
[BlackElo "1017"]
[PlyCount "61"]
[EventDate "2010.01.02"]
[EventType "swiss"]
[EventRounds "11"]
[EventCountry "AUS"]
[SourceTitle "EXT 2011"]
[Source "ChessBase"]
[SourceDate "2010.11.26"]
[SourceVersion "1"]
[SourceVersionDate "2010.11.26"]
[SourceQuality "1"]

1. d4 Nf6 2. e3 g6 3. b3 Bg7 4. Bb2 d5 5. Bd3 0-0 6. Nd2 b6 7. Qe2 Bb7 8. Ngf3 Ne4 9. Ne5 f6 10. f3 Nxd2 11. Ng4 Nxf3+ 12. Qxf3 Nd7 13. Qh3 e5 14. dxe5 fxe5 15. e4 a6 16. 0-0-0 b5 17. Rhf1 c5 18. exd5 Rxf1 19. Bxf1 Qe8 20. g3 Rd8 21. Bg2 Nb6 22. d6 Bxg2 23. Qxg2 Qe6 24. Qc6 Nd7 25. Qc7 Re8 26. Bxe5 Qxg4 27. Bxg7 Kxg7 28. Rh1 Qe6 29. h3 Rf8 30. Qc6 Rf6 31. Rd1 1/2-1/2

[Event "AUS-ch Minor"]
[Site "Cammeray"]
[Date "2010.01.11"]
[Round "9"]
[White "Gordon, Roger"]
[Black "Gamage, Thumula"]
[Result "0-1"]
[WhiteElo "1017"]
[BlackElo "1003"]
[PlyCount "74"]
[EventDate "2010.01.02"]
[EventType "swiss"]
[EventRounds "11"]
[EventCountry "AUS"]
[SourceTitle "EXT 2011"]
[Source "ChessBase"]
[SourceDate "2010.11.26"]
[SourceVersion "1"]
[SourceVersionDate "2010.11.26"]
[SourceQuality "1"]

1. e4 e5 2. Nf3 Nf6 3. Nxe5 d6 4. Nf3 Nxe4 5. Nc3 Qe7 6. Qe2 Nxc3 7. dxc3 Qxe2+ 8. Bxe2 Be7 9. 0-0 0-0 10. Be3 Bg4 11. Nd4 Bxe2 12. Nxe2 Nc6 13. Rfe1 Rfe8 14. Kf1 Rad8 15. Nd4 Nxd4 16. cxd4 Bf6 17. c3 b6 18. Re2 Rd7 19. Rae1 Rde7 20. g3 c5 21. Bf4 Rxe2 22. Rxe2 Rxe2 23. Kxe2 cxd4 24. Kd3 dxc3 25. bxc3 Be5 26. c4 Bxf4 27. gxf4 f6 28. Ke4 Kf7 29. a4 Ke6 30. h4 g6 31. f5+ gxf5+ 32. Kf4 h5 33. Kf3 d5 34. cxd5+ Kxd5 35. Ke3 a6 36. Kd3 b5 37. axb5 axb5 0-1